000 00528nam a22001937a 4500
003 OSt
005 20140310181754.0
008 130628t xxu||||| |||| 00| 0 eng d
020 _a9789710858040
050 _aML 460
_b.R616 1994
082 _aFIL 784.19
_brI52 1994
100 _aRivadelo, Rosita F.
245 _aMusical instruments :
_bthen and now /
_cRosita F. Rivadelo.
260 _aManila :
_bNational Bookstore,
_c1994.
300 _axx, 238 p. :
_c22 cm. ;
562 _e1
942 _2lcc
_cBK
999 _c3365
_d3365